| 000 | 01022cam a22003257a 4500 | ||
|---|---|---|---|
| 003 | CHAP | ||
| 005 | 20220329142052.0 | ||
| 008 | 990521s199? mx r 00110 spa d | ||
| 010 | _a77930 | ||
| 011 | _a78902 | ||
| 035 | _a89004 | ||
| 040 | _cCHAP | ||
| 090 | _aFolleto 15345 | ||
| 110 | 1 |
_aPromotora del Maguey y del Nopal. México _992406 |
|
| 245 | 1 | 0 |
_aBibliografía _c/por Promotora del Maguey y del Nopal |
| 260 |
_aMéxico, D.F. : _bPromotora del Maguey y del Nopal, _c19-? |
||
| 300 | _a148 h. | ||
| 500 | _aFotocopia | ||
| 590 |
_aBATCH-UPD _b10 _c20130110 _lUCH01 _h0441 |
||
| 590 |
_aBATCH-UPD _b10 _c20130410 _lUCH01 _h0118 |
||
| 590 |
_aBATCH-UPD _b10 _c20130410 _lUCH01 _h1634 |
||
| 590 |
_aBATCH-UPD _b10 _c20130914 _lUCH01 _h1841 |
||
| 590 |
_aCONVERSION _b10 _c20130109 _lUCH01 _h1343 |
||
| 650 | 1 | 4 |
_aAgave _xBibliografia. _91071 |
| 650 | 1 | 4 |
_aNopal _xBibliografía. _981653 |
| 901 | _aBK | ||
| 905 | _aAlejandra Carrasco M. | ||
| 942 | _cFOLL | ||
| 949 |
_aFolleto 15345 _bBC _cFOLL _d890041 _eTS1 _i89004 _sb |
||
| 999 |
_c77930 _d77930 |
||